000 00426ntaaa2200169 4500
003 01
005 20251027201948.0
008 0714s1973 ag 01
040 _aAR-BaBN
_bspa
_cAR-BaBN
_eaacr
_dRIC
082 _a248.0000 P31g
100 _aPeale, Norman Vincent
_92696
245 _aGuide to confident living
250 _a1 ed. :
_bPrentice Hall, Inc.,
_cc1948
300 _a248 p.
650 _aVida Cristiana
942 _cBK
999 _c14353
_d14353